Financovanie a finančná podpora MSP v SR bakalárska práca

Enregistré dans:
Détails bibliographiques
Auteur principal: Matovič, Peter
Collectivité auteur: Fakulta podnikového manažmentu EU. Katedra podnikových financií
Autres auteurs: Polednáková, Anna, 1957-
Format: Livre
Langue:slovaque
Publié: Bratislava 2024
Tags: Ajouter un tag
Pas de tags, Soyez le premier à ajouter un tag!

MARC

LEADER 00000nbm a2200000 4500
001 0302001
005 20250224110954.9
041 0 |a slo 
044 |a SK 
245 1 0 |a Financovanie a finančná podpora MSP v SR  |b bakalárska práca  |c Peter Matovič ; školiteľ: Anna Polednáková 
264 1 |a Bratislava  |c 2024 
300 |a 42 s. 
100 1 |a Matovič, Peter 
700 1 |a Polednáková, Anna, 1957- 
710 2 |a Fakulta podnikového manažmentu EU. Katedra podnikových financií